Score 0/49 Timer 10:00
0 Plays Today
Years % Correct
1968-2006; 2008 *Mike Wallace
78%
1968-2016*Morley Safer
69.5%
1978-2011 *Andy Rooney
69.5%
1968-81; 2005-06Dan Rather
62.7%
1976-2006 *Ed Bradley
62.7%
1991-PresentLeslie Stahl
62.7%
1968-70; 1978-91 *Harry Reasoner
52.5%
1989-PresentSteve Kroft
52.5%
2006-PresentAnderson Cooper
52.5%
2003-PresentScott Pelley
49.2%
1981-89Diane Sawyer
47.5%
1985-87Forrest Sawyer
44.1%
2008-PresentCharlie Rose
39%
2006-11Katie Couric
37.3%
1996-2015Bob Simon
37.3%
2014-PresentBill Whitaker
36%
2005-PresentLara Logan
35.6%
1968-81 *Walter Cronkite
33.9%
1996-2005Christiane Amanpour
28.8%
1982-85; 1990-93Meredith Vieira
25.4%
2009-13Byron Pitts
25.4%
2003Bill Clinton
25.4%
1968-79 *Charles Kuralt
22%
1968-80Roger Mudd
22%
2003Bob Dole
22%
Years % Correct
2015-PresentSharyn Alfonsi
20%
1973-96Bob Schieffer
18.6%
2013-PresentNorah O'Donnell
18.6%
1981-94Charles Osgood
16.9%
2011-PresentSanjay Gupta
16.9%
1992-2005John Roberts
15.3%
1990-93Connie Chung
13.6%
1994-95Allen Martin
11.9%
1998-2002Bryant Gumbel
10.2%
1975-79 *Shana Alexander
10.2%
1995-98Russ Mitchell
8.5%
2012Allison Stewart
6.8%
1971-79 *James J. Kilpatrick
6.8%
1996 *Molly Ivins
6.8%
1996P.J. O'Rourke
6.8%
1968-69 *Eric Severeid
5.1%
1968-95Bill Plante
5.1%
1978-87Marlene Sanders
5.1%
1990-99Paula Zahn
5.1%
1997-2002Carol Marin
5.1%
1971-74Nicholas von Hoffman
5.1%
1996Stanley Crouch
5.1%
1968-75 John Hart
3.4%
1975-79Morton Dean
3.4%
Remove Ads.
Support Sporcle.
Get the best of Sporcle when you Go Orange. This ad-free experience offers more features, more stats, and more fun while also helping to support Sporcle. Thank you for becoming a member.

You're not logged in!

Compare scores with friends on all Sporcle quizzes.
OR
Log In

Show Comments

Extras

Top Quizzes Today


Score Distribution

Your Account Isn't Verified!

In order to create a playlist on Sporcle, you need to verify the email address you used during registration. Go to your Sporcle Settings to finish the process.

Report this User

Report this user for behavior that violates our Community Guidelines.

Details: